000 00925nam a2200229 i 4500
001 141885
003 ES-MaACL
005 20231207063032.0
007 t|
008 071001s1971 sp |||| | spa d
100 1 _aViñas y Mey, Carmelo
_9115384
245 1 0 _aRelaciones histórico-geográfico-estadísticas de los pueblos de España hechas por inicitiva de Felipe II
_b: Ciudad Real /
_cCarmelo Viñas y Mey y Ramón Paz.
260 _aMadrid :
_bInstituto Balmes de Sociología ; Instituto de Juan Sebastián Elcano de Geografía,
_c1971.
300 _aXXIV, 618 p. ;
_c26 cm.
651 4 _aCiudad Real (Provincia)-
_xHistoria.
_9153470
651 4 _aCiudad Real (Provincia)-
_xDescripción.
_9153471
700 1 _aPaz, Ramón.
_989759
710 2 _aInstituto Balmes de Sociología.
_94799
710 2 _aInstituto "Juan Sebastián Elcano"
_95113
852 _aES-MaACL
_jE-5750
999 _c141885
_d141885